Sesión de clausura de la Academia Teórico-Práctica de la Facultad de Derecho el 30 de abril de 1888. (Record no. 171782)

MARC details
000 -LEADER
campo de control de longitud fija 00516nam a22001455i 4500
001 - NÚMERO DE CONTROL
campo de control 171782
003 - IDENTIFICADOR DE NÚMERO DE CONTROL
campo de control ES-MaACL
005 - FECHA Y HORA DE LA ÚLTIMA TRANSACCIÓN
campo de control 20230906214729.0
008 - DATOS DE LONGITUD FIJA--INFORMACIÓN GENERAL
campo de control de longitud fija 090601s1888 sp |||| | spa d
245 00 - MENCIÓN DEL TÍTULO
Título Sesión de clausura de la Academia Teórico-Práctica de la Facultad de Derecho el 30 de abril de 1888.
260 ## - PUBLICACIÓN, DISTRIBUCIÓN, ETC.
Lugar de publicación, distribución, etc. Granada :
Nombre del editor, distribuidor, etc. [s.n.,
Fecha de publicación, distribución, etc. 1888?]
300 ## - DESCRIPCIÓN FÍSICA
Extensión 30 p. ;
Dimensiones 20 cm.
710 2# - ENTRADA AGREGADA--NOMBRE DE ENTIDAD CORPORATIVA
Nombre de entidad corporativa o nombre de jurisdicción como elemento de entrada Academia Teórico-Práctica de la Facultad de Derecho (Universidad de Granada)
9 (RLIN) 141698
852 ## - LOCALIZACIÓN
Ubicación ES-MaACL
Número de control de estantería T-467-F-10
Holdings
Estatus retirado Estado de pérdida Estado de daño No para préstamo Colección Biblioteca de origen Biblioteca actual Ubicación en estantería Fecha de adquisición Fuente de adquisición Total de préstamos Signatura topográfica completa Código de barras Visto por última vez Precio de reemplazo Tipo de ítem Koha
        Colección de folletos Biblioteca del Ateneo de Madrid Biblioteca del Ateneo de Madrid Depósito folletos 01/06/2009     T-467-F-10 1180279 23/02/2023 23/02/2023 Folleto